LEADER 04593oam 22005894a 450 001 9910795329103321 005 20230808210301.0 010 $a615-5513-61-9 024 7 $a10.1515/9786155513619 035 $a(CKB)4970000000000158 035 $a(MiAaPQ)EBC4832183 035 $a(OCoLC)959552378 035 $a(MdBmJHUP)muse51079 035 $a(DE-B1597)633297 035 $a(DE-B1597)9786155513619 035 $a(EXLCZ)994970000000000158 100 $a20160831d2016 uy 0 101 0 $aeng 135 $aurcnu|||||||| 181 $2rdacontent 182 $2rdamedia 183 $2rdacarrier 200 00$aTwenty-five sides of a post-communist mafia state /$feditors, Ba?lint Magyar, Ju?lia Va?sa?rhelyi 210 1$aNew York :$cCentral European University Press,$d2016. 210 3$aBaltimore, Md. :$cProject MUSE,$d2017 210 4$d©2016. 215 $a1 online resource (676 pages) $cillustrations 300 $aIncludes index. 311 1 $a615-5513-62-7 320 $aIncludes bibliographical references and index. 327 $tFrontmatter --$tTable of Contents --$tPreface --$tI --$tWhat Should I Call You? The Crisis of Hungarian Democracy in a Regional Interpretative Framework --$tThe Ideological Patchwork of the Mafia State --$tA ?Constitutional? Coup in Hungary between 2010?2014 --$tLaw under the Mafia State --$tThe Post-communist Mafia State as a Form of Criminal State --$tThe Circulation of Oligarchs --$tFrom Local Cliques to Mafia State: The Evolution of Network Corruption --$tLinks in the Chain: Patron-Client Relations in the Mafia State --$tThe Social Policy of the Mafia State and Its Impact on Social Structure --$tII --$tThe Economic Policy of the Mafia State --$tTributes Paid through Special Taxes: Populism and the Displacement of ?Aliens? --$tGetting Rich as Mission: Swapping Elites on a Family Basis --$tThe Banks of the Mafia State --$tUtility Price Cuts and Sector-Specific Taxes in Network Industries --$tCaptured by Power: The Expansion of the Paks Nuclear Power Plant --$tControlled Competition in the Agriculture --$tIII --$tWestern Social Development with an Eastern Set of Values? --$t?One Camp, One Banner?: How Fidesz Views History --$tThe Land of an Appropriated God: Sacred Political Symbols and Symbolic Political Sacrality --$tNationalism and Hegemony: Symbolic Politics and Colonization of Culture --$tThe Workings of the Media: A Brainwashing and Money-Laundering Mechanism --$tRestoring Servility in the Educational Policy --$tThe Taming of Civil Society --$tThe Opposition to the Mafia State --$tDiplomacy of the Orbán Regime --$tEpilogue --$tCapitalism After Communism --$tList of Contributors --$tIndex 330 $aThe twenty-five essays accompany, illustrate and underpin the conceptual framework elaborated in Post-Communist Mafia State, published in conjunction with this volume. Leading specialists analyze the manifestations of the current political regime in Hungary from twenty-five angles. Topics discussed include the ideology, constitutional issues, social policy, the judiciary, foreign relations, nationalism, media, memory politics, corruption, civil society, education, culture and so on. Beyond the basic features of the economy the domains of taxation, banking system, energy policies and the agriculture are treated in dedicated studies. The essays are based on detailed empirical investigation about conditions in today's Hungary. They nevertheless contribute to the exploration of the characteristic features of post-communist authoritarian regimes, shared by an increasing number of countries in Europe and Central Asia. 517 0 $a25 sides of a post-communist mafia state 606 $aDictatorship$zHungary$xHistory$y21st century 606 $aOrganized crime$zHungary$xHistory$y21st century 606 $aPolitical corruption$zHungary$xHistory$y21st century 606 $aPost-communism$zHungary$xHistory$y21st century 607 $aHungary$xPolitics and government$y1989- 610 $aConstitutions, Corruption, Political economy, Political philosophy, Political studies, Postcommunism. 615 0$aDictatorship$xHistory 615 0$aOrganized crime$xHistory 615 0$aPolitical corruption$xHistory 615 0$aPost-communism$xHistory 676 $a943.9054 702 $aVa?sa?rhelyi$b Ju?lia 702 $aMagyar$b Ba?lint 801 0$bMdBmJHUP 801 1$bMdBmJHUP 906 $aBOOK 912 $a9910795329103321 996 $aTwenty-five sides of a post-communist mafia state$93681477 997 $aUNINA LEADER 04143nam 2200601 a 450 001 9910437958603321 005 20250609110714.0 010 $a1-283-94476-6 010 $a94-007-5189-3 024 7 $a10.1007/978-94-007-5189-7 035 $a(CKB)2670000000317993 035 $a(EBL)1030252 035 $a(OCoLC)824453025 035 $a(SSID)ssj0000810375 035 $a(PQKBManifestationID)11439144 035 $a(PQKBTitleCode)TC0000810375 035 $a(PQKBWorkID)10828026 035 $a(PQKB)11153043 035 $a(DE-He213)978-94-007-5189-7 035 $a(MiAaPQ)EBC1030252 035 $a(PPN)168340208 035 $a(MiAaPQ)EBC4071829 035 $a(EXLCZ)992670000000317993 100 $a20121204d2013 uy 0 101 0 $aeng 135 $aur|n|---||||| 181 $ctxt 182 $cc 183 $acr 200 00$aAdvances in generative lexicon theory /$fJames Pustejovsky ... [et al.], editors 205 $a1st ed. 2013. 210 $aNew York $cSpringer$d2013 215 $a1 online resource (491 p.) 225 0$aText, speech, and language technology,$x1386-291X ;$vv. 46 300 $aDescription based upon print version of record. 311 08$a94-007-9586-6 311 08$a94-007-5188-5 320 $aIncludes bibliographical references and index. 327 $aChapter 1: Introduction -- Chapter 2: Type Theory and Lexical Decomposition -- Chapter 3: A Type Composition Logic for Generative Lexicon   -- Chapter 4: Lexical Representation, Co-composition, and Linking Syntax and Semantics -- Chapter 5: The Telic Relationship in Compounds   -- Chapter 6: Metonymy and Metaphor: Boundary Cases and the Role of a Generative Lexicon   -- Chapter 7: Spanish Clitics, Events and Opposition Structure   -- Chapter 8: Adjective-noun Combinations and the Generative Lexicon   -- Chapter 9: Combination of the Verb Ha- ?Do? and Entity Type Nouns in Korean: A Generative Lexicon -- Chapter 10: Generative Lexicon Approach to Derived Inchoative Verbs in Korean -- Chapter 11: Degree Vs. Manner Well: A Case Study in Selective Binding -- Chapter 12: V-concatenation in Japanese -- Chapter 13: Change of Location and Change of State -- Chapter 14: Event Structure and the Japanese Indirect Passive -- Chapter 15: Developing a Generative Lexicon Within HPSG -- Chapter 16: Purpose Verbs -- Chapter 17: Word Formation Rules and the Generative Lexicon: Representing Noun-to-Verb Versus Verb-to-Noun Conversion in French -- Chapter 18: Boosting Lexical Resources for the Semantic Web: Generative Lexicon and Lexicon Interoperability -- Chapter 19: Automatic Acquisition of GL Resources, Using an Explanatory, Symbolic Technique -- Chapter 20: The Semi-generative Lexicon: Limits on Productivity . 330 $aThis collection of papers takes linguists to the leading edge of techniques in generative lexicon theory, the linguistic composition methodology that arose from the imperative to provide a compositional semantics for the contextual modifications in meaning that emerge in real linguistic usage. Today?s growing shift towards distributed compositional analyses evinces the applicability of GL theory, and the contributions to this volume, presented at three international workshops (GL-2003, GL-2005 and GL-2007) address the relationship between compositionality in language and the mechanisms of selection in grammar that are necessary to maintain this property. The core unresolved issues in compositionality, relating to the interpretation of context and the mechanisms of selection, are treated from varying perspectives within GL theory, including its basic theoretical mechanisms and its analytical viewpoint on linguistic phenomena. 410 0$aText, Speech and Language Technology,$x1386-291X ;$v46 606 $aLexicology 615 0$aLexicology. 676 $a006.35 676 $a895.1/35 701 $aPustejovsky$b J$g(James)$0221609 801 0$bMiAaPQ 801 1$bMiAaPQ 801 2$bMiAaPQ 906 $aBOOK 912 $a9910437958603321 996 $aAdvances in generative lexicon theory$94192905 997 $aUNINA